LEADER 01745nas 2200553-a 450 001 996209641403316 005 20240423130801.0 011 $a2213-6770 035 $a(DE-599)ZDB2481633-4 035 $a(OCoLC)316122046 035 $a(CKB)1000000000374868 035 $a(CONSER)--2012250783 035 $a(EXLCZ)991000000000374868 100 $a20090318b20052012 s-- - 101 0 $afre 135 $aur||||||||||| 181 $ctxt$2rdacontent 182 $cc$2rdamedia 183 $acr$2rdacarrier 200 00$aActualités pharmaceutiques hospitalières 210 $aParis $cElsevier Masson SAS$d©2005-2012 215 $a1 online resource 311 $a1769-7344 531 $aACTUAL. PHARM. HOSP. 606 $aHospital pharmacies$vPeriodicals 606 $aPharmaceutical services$vPeriodicals 606 $aDrugs$vPeriodicals 606 $aClinical pharmacology$vPeriodicals 606 $aPharmacy Service, Hospital 606 $aClinical pharmacology$2fast$3(OCoLC)fst00864398 606 $aDrugs$2fast$3(OCoLC)fst00898761 606 $aHospital pharmacies$2fast$3(OCoLC)fst00961035 606 $aPharmaceutical services$2fast$3(OCoLC)fst01060201 608 $aPeriodicals. 608 $aPeriodicals.$2fast 610 $aHospitals & Medical Centers 615 0$aHospital pharmacies 615 0$aPharmaceutical services 615 0$aDrugs 615 0$aClinical pharmacology 615 2$aPharmacy Service, Hospital. 615 7$aClinical pharmacology. 615 7$aDrugs. 615 7$aHospital pharmacies. 615 7$aPharmaceutical services. 906 $aJOURNAL 912 $a996209641403316 996 $aActualités pharmaceutiques hospitalières$91897849 997 $aUNISA LEADER 03793nam 22007455 450 001 9910863130203321 005 20251116224919.0 010 $a981-15-4898-6 024 7 $a10.1007/978-981-15-4898-7 035 $a(CKB)4100000011401204 035 $a(MiAaPQ)EBC6320913 035 $a(DE-He213)978-981-15-4898-7 035 $a(PPN)250213249 035 $a(EXLCZ)994100000011401204 100 $a20200826d2021 u| 0 101 0 $aeng 135 $aurcnu|||||||| 181 $ctxt$2rdacontent 182 $cc$2rdamedia 183 $acr$2rdacarrier 200 10$aManned Spacecraft Technologies /$fby Hong Yang 205 $a1st ed. 2021. 210 $cSpringer Singapore$d2021 210 1$aSingapore :$cSpringer Singapore :$cImprint: Springer,$d2021. 215 $a1 online resource (370 pages) $cillustrations 225 1 $aSpace Science and Technologies,$x2730-6410 311 08$a981-15-4897-8 320 $aIncludes bibliographical references. 327 $aIntroduction -- Overall Technology of Manned Spacecraft -- General Technology of Cargo Ship -- Design Technology of Space Laboratory System -- Design Technology of Space Station System -- Manned Rendezvous and Docking Technology -- Manned Reentry and Return Technology -- Manned Landing and Recovery Technology -- Emergency Life-Saving Technology -- Technology of Orbital Propellant Refueling -- Technology of the Management and Control of the Combination -- Maintainability Technology of Manned Spacecraft -- Application Technology of Space Manipulator -- Technology of Manned Environmental Control and Life Support -- Technology of Extravehicular Activity. 330 $aThis book offers essential information on China?s human spacecraft technologies, reviewing their evolution from theoretical and engineering perspectives. It discusses topics such as the design of manned spaceships, cargo spacecraft, space laboratories, space stations and manned lunar and Mars detection spacecraft. It also addresses various key technologies, e.g. for manned rendezvous, docking and reentry. The book is chiefly intended for researchers, graduate students and professionals in the fields of aerospace engineering, control, electronics & electrical engineering, and related areas. 410 0$aSpace Science and Technologies,$x2730-6410 606 $aAerospace engineering 606 $aAstronautics 606 $aAutomatic control 606 $aRobotics 606 $aMechatronics 606 $aThermodynamics 606 $aHeat engineering 606 $aHeat$xTransmission 606 $aMass transfer 606 $aAerospace Technology and Astronautics$3https://scigraph.springernature.com/ontologies/product-market-codes/T17050 606 $aControl, Robotics, Mechatronics$3https://scigraph.springernature.com/ontologies/product-market-codes/T19000 606 $aEngineering Thermodynamics, Heat and Mass Transfer$3https://scigraph.springernature.com/ontologies/product-market-codes/T14000 615 0$aAerospace engineering. 615 0$aAstronautics. 615 0$aAutomatic control. 615 0$aRobotics. 615 0$aMechatronics. 615 0$aThermodynamics. 615 0$aHeat engineering. 615 0$aHeat$xTransmission. 615 0$aMass transfer. 615 14$aAerospace Technology and Astronautics. 615 24$aControl, Robotics, Mechatronics. 615 24$aEngineering Thermodynamics, Heat and Mass Transfer. 676 $a929.374 700 $aYang$b Hong$4aut$4http://id.loc.gov/vocabulary/relators/aut$0653659 701 $aYe$b Peijian$01741768 801 0$bMiAaPQ 801 1$bMiAaPQ 801 2$bMiAaPQ 906 $aBOOK 912 $a9910863130203321 996 $aManned Spacecraft Technologies$94167991 997 $aUNINA LEADER 01239nam0 22002651i 450 001 UON00479920 005 20231205105244.149 100 $a20170801d1994 |0itac50 ba 101 $aita 102 $aIT 105 $a|||| 1|||| 200 1 $aˆGli ‰Ebrei a Cento e Pieve di Cento fra medioevo ed età moderna$eatti del convegno di studi storici, Cento, 22 aprile 1993 205 $aCento : [s.n.]$b1994 210 $a285 p.$cill. ; 24 cm + 2 c. di tav. ripieg. 215 $aIn testa al front.: Comune di Cento; Comunita ebraica di Ferrara; Comune di Pieve di Cento 606 $aEbrei$xItalia$xCento$xSec. 14.-19.- Congressi$3UONC091968$2FI 620 $aIT$dCENTO$3UONL005395 676 $a305.892404541$cEBREI. POLOGNA $v20 686 $aSEB GEN E IV$cSTUDI EBRAICI - CONGRESSI - STORIA$2A 801 $aIT$bSOL$c20260320$gRICA 899 $aSIBA - SISTEMA BIBLIOTECARIO DI ATENEO E ARCHIVIO STORICO$2UONSI 912 $aUON00479920 950 $aSIBA - SISTEMA BIBLIOTECARIO DI ATENEO E ARCHIVIO STORICO$dSI SEB GEN E IV 010 $eSI 23081 7 010 996 $aEbrei a Cento e Pieve di Cento fra medioevo ed età moderna$91473442 997 $aUNIOR